000 00602nam a2200193Ia 4500
005 20260114185820.0
008 008 260114s9999 xx 000 0 eng d
020 _a9781474244046
037 _aEBOOK
040 _aCRL
_beng
_cCRL
041 _aeng
_2eng
084 _qCRL
100 _aPeggy Deamer
_9874744
245 4 _aThe Architect as Worker Immaterial Labor, the Creative Class, and the Politics of Design
260 _bBloomsbury
_c2015
856 _uhttps://doi.org/10.5040/9781474244046?locatt=label:secondary_bloomsburyCollections
942 _cEBOOK
999 _c1473678
_d1473678